| 000 | 00811cam a22002411 4500 | ||
|---|---|---|---|
| 001 | sa 64004709 | ||
| 003 | DLC | ||
| 005 | 20260227112027.0 | ||
| 008 | 910124s1963 pk 000 0 eng | ||
| 010 | _asa 64004709 | ||
| 035 | _a(OCoLC)24198406 | ||
| 040 |
_aDLC _cViU _dDLC |
||
| 050 | 0 | 0 |
_aKPL2832.A311922 _bA4 1963 |
| 110 | 1 | _aPakistan. | |
| 240 | 1 | 0 | _aLaws, etc. |
| 245 | 1 | 4 |
_aThe Income-tax act, 1922 (XI of 1922) : _bas modified up to the 25th January, 1963. |
| 260 |
_aKarachi : _bManager of Publications, _c1963. |
||
| 300 |
_a173 p. ; _c25 cm. |
||
| 500 | _aAt head of title: Governmnet of Pakistan, Ministry of Law and Parliamentary Affairs, Law Division. | ||
| 500 | _aCorrigenda slip inserted. | ||
| 650 | 0 |
_aIncome tax _xLaw and legislation _zPakistan. |
|
| 710 | 1 |
_aPakistan. _bLaw Division. |
|
| 999 |
_c58704 _d58704 |
||